000
00327nam a22001457a 4500
003
OSt
005
20160727222358.0
008
160622b xxu||||| |||| 00| 0 eng d
040
_c
TEST
100
_9
597
_a
Hazen, B. S
245
_a
To be a friend
260
_a
Norwalk
_b
Gibson Com
300
_a
To be a friend
942
_2
ddc
_c
BK
999
_c
490
_d
490